000 00529nam a2200169Ia 4500
999 _c31658
_d31658
003 OSt
005 20200803101119.0
008 190216s9999||||xx |||||||||||||| ||und||
040 _coclc
082 _a515.353
_bVAS/P
100 _aVasishtha, A R
_93840
245 0 _aPartial Differential Equations /
_cA R Vasishtha ; Vipin Vasishtha ; A K Vasishtha
260 _bKrishna Prakashan Media,
_c2000.
_aMeerut:
300 _a236p
650 _aMathematics
942 _cBK
_2ddc
_h515.353
_iVAS/P
_k515.353
_mVAS/P